Marketing ako nástroj podpory politiky zdravia
Na minha lista:
| Autor principal: | |
|---|---|
| Formato: | Capítulo de Livro |
| Idioma: | eslovaco |
| Assuntos: | |
| Tags: |
Sem tags, seja o primeiro a adicionar uma tag!
|
MARC
| LEADER | 00000nla a2200000 4500 | ||
|---|---|---|---|
| 001 | 0220956 | ||
| 005 | 20240502073629.7 | ||
| 041 | 0 | |a slo | |
| 044 | |a SK | ||
| 245 | 1 | 0 | |a Marketing ako nástroj podpory politiky zdravia |c Vanda Lieskovská |
| 500 | |a Abstrakt | ||
| 610 | 2 | 0 | |a zdravie |
| 610 | 2 | 0 | |a politika zdravotná |
| 610 | 2 | 0 | |a marketing |
| 610 | 2 | 0 | |a ochrana zdravia |
| 610 | 2 | 0 | |a potraviny |
| 100 | 1 | |a Lieskovská, Vanda, 1961- | |